[Event "Keres Memorial rap"]
[Site "Tallinn"]
[Date "2005.01.09"]
[Round "5"]
[White "Gelfand, Boris"]
[Black "Balashov, Yuri S"]
[Result "0-1"]
[WhiteElo "2693"]
[BlackElo "2469"]
[Annotator "Gershon,A"]
[PlyCount "76"]
[EventDate "2005.01.08"]
[EventType "tourn (rapid)"]
[EventRounds "7"]
[EventCountry "EST"]
[EventCategory "13"]
[SourceTitle "CBM 105"]
[Source "ChessBase"]
[SourceDate "2005.04.11"]
[SourceVersion "1"]
[SourceVersionDate "2005.04.11"]
[SourceQuality "1"]

1. d4 Nf6 2. c4 e6 3. Nf3 Bb4+ 4. Nbd2 b6 5. a3 Bxd2+ 6. Qxd2 O-O 7. e3 Bb7 8.
Be2 d6 9. b4 Nbd7 10. Bb2 Qe7 11. O-O c5 (11... Ne4 12. Qc2 (12. Qd3 f5 13. Nd2
e5 14. f3 Nxd2 15. Qxd2 Rae8 16. Rfe1 Qh4 17. Bf1 Re7 18. a4 exd4 19. exd4 Rfe8
20. Rxe7 Qxe7 21. a5 Nf6 22. d5 Bc8 23. axb6 axb6 24. Ra7 Rf8 25. Bd4 Qd8 26.
Bd3 Bd7 27. Qg5 $16 {1/2-1/2 Gelfand,B-Pelletier,Y/Cap d'Agde 2002/CBM 92 (56)}
) 12... c5 13. Nd2 Nef6 14. dxc5 bxc5 15. Rfd1 Rfd8 16. b5 e5 17. Nf1 h5 18. f3
Nf8 19. Ng3 g6 20. Bd3 h4 21. Ne4 h3 22. Nxf6+ Qxf6 23. Be4 Qe7 24. Rd2 $14 {
1/2-1/2 Huzman,A-Yemelin,V/St Petersburg 1999/CBM 72 (43)}) 12. Rfd1 Rfd8 13.
bxc5 dxc5 $146 {As opposed to Huzman - Kosashvili, here black doesn't allow
white's queen to a5, thus making it harder for white to press on the queen
side. The downside is that black cannot put an effective block along the a1-h8
diagonal now.} (13... bxc5 14. Qa5 Rdc8 15. Rac1 Rc6 16. Nd2 Rb6 17. Ba1 e5 18.
dxe5 dxe5 19. f3 Nf8 20. Nf1 Ng6 21. Ng3 $14 {1-0 Huzman,A-Kosashvili,Y/Israel
2002/EXT 2003 (74)}) 14. Qc3 {[%cal Yc3b3] Transferring the queen to a more
suitable position on b3.} Rac8 15. Qb3 {[%cal Gd4d5,Ya3a5,Gb3d5,Yb3b7]} Nf8 (
15... cxd4 $142 {It's a good idea to check how will white capture back, before
removing the knight from d7, since cxd4 is inevitable anyway.} 16. Nxd4 (16.
exd4 Ne4 {[%cal Gd7f6]}) 16... Nc5 17. Qb4 e5 18. Nb5 Bc6 $13) 16. a4 $1 {
Now white seizes the initiative} Ng6 17. a5 cxd4 18. Nxd4 Qc5 (18... bxa5 19.
Rxa5 a6 20. Ba3 Qc7 21. Rc5 Qb8 22. f3 $16 {White is dominating the board.})
19. Qb5 $1 {simple and strong.} Nd7 20. a6 Be4 21. Qxc5 (21. f3 {first, was
somewhat stronger, since now black doesn't have the 21...e5 opportunity which
he played in the game.} Bc6 22. Qxc5 Nxc5 23. Nxc6 Rxd1+ 24. Rxd1 Rxc6 25. Rd8+
Nf8 26. Be5 f6 27. Bd6 Ncd7 28. Bg3 {[%cal Gd8a8]} Nc5 29. Kf1 e5 30. f4 Ne4
31. Be1 $16) 21... Nxc5 22. f3 e5 23. Nb5 (23. fxe4 exd4 24. exd4 Nxe4 25. Bd3
Re8 26. Re1 $16) 23... Rxd1+ 24. Rxd1 Bc2 25. Rd2 Ba4 26. Nxa7 Ra8 27. Nb5 Nxa6
28. Rd6 {White has a technically winning position, but rapid games have rules
of their own, and the risk of blundering is, of course, higher} Bxb5 29. cxb5
Nc5 30. Bc4 $1 {White is playing very precisely, depriving black of any
counterplay.} ({of course not} 30. Rxb6 Ra2 31. Rb8+ Nf8 32. Bxe5 Rxe2 33. Bd6
Ncd7 $17) 30... Na4 31. Ba3 {[%cal Gd6d7]} Nf8 32. Bd5 $1 Rb8 33. Bb4 $1 {
[%csl Ra4,Rb8,Rf8] With his last 4 forceful moves, Boris managed to completely
limit black pieces} g6 34. Bb3 (34. Rf6 {was perhaps the most practical} Ne6
35. Bxe6 fxe6 36. Rxe6) 34... Ra8 35. Rc6 {[%cal Gc6c7]} Ra7 36. Rc8 Nc5 37.
Bd5 $4 {The wonders of time pressure. White managed to conduct an example game
of positional pressure, and an even more spectacular blunder.} (37. Bxc5 bxc5
38. Bd5 Ra1+ 39. Kf2 Rb1 40. Rb8 {would have won easily} (40. Rxc5)) 37... Ra1+
38. Kf2 Nd3+ {and now there is no sense to continue.} 0-1

[Event "Moscow Aeroflot op-B"]
[Site "Moscow"]
[Date "2005.02.16"]
[Round "2"]
[White "Krylov, Mikhail"]
[Black "Balashov, Yuri S"]
[Result "0-1"]
[WhiteElo "2404"]
[BlackElo "2469"]
[PlyCount "78"]
[EventDate "2005.02.15"]
[EventType "swiss"]
[EventRounds "9"]
[EventCountry "RUS"]
[SourceTitle "EXT 2006"]
[Source "ChessBase"]
[SourceDate "2005.11.24"]
[SourceVersion "1"]
[SourceVersionDate "2005.11.24"]
[SourceQuality "1"]

1. c4 e5 2. g3 d6 3. Bg2 g6 4. Nc3 Bg7 5. e3 Nc6 6. Nge2 Nge7 7. O-O O-O 8. Rb1
Bg4 9. h3 Be6 10. Nd5 Qd7 11. Kh2 Nd8 12. d4 c6 13. Nxe7+ Qxe7 14. d5 Bd7 15.
b3 f5 16. f4 Nf7 17. Bb2 Rfe8 18. Nc3 h5 19. Qe1 Bf6 20. e4 Nh6 21. Qd2 exf4
22. gxf4 Qg7 23. Bf3 c5 24. Rg1 Ng4+ 25. Kg2 g5 26. hxg4 hxg4 27. Bxg4 fxg4 28.
f5 Kf7 29. Rh1 Rh8 30. Na4 Be5 31. Qe2 Rae8 32. Qxg4 Bxb2 33. Nxb2 Rxh1 34.
Kxh1 Rh8+ 35. Kg2 Qc3 36. Qe2 Qh3+ 37. Kf2 Qh4+ 38. Ke3 Qf4+ 39. Kd3 Rh3+ 0-1

[Event "Moscow Aeroflot op-B"]
[Site "Moscow"]
[Date "2005.02.20"]
[Round "6"]
[White "Balashov, Yuri S"]
[Black "Ulybin, Mikhail"]
[Result "1-0"]
[WhiteElo "2469"]
[BlackElo "2535"]
[PlyCount "167"]
[EventDate "2005.02.15"]
[EventType "swiss"]
[EventRounds "9"]
[EventCountry "RUS"]
[SourceTitle "EXT 2006"]
[Source "ChessBase"]
[SourceDate "2005.11.24"]
[SourceVersion "1"]
[SourceVersionDate "2005.11.24"]
[SourceQuality "1"]

1. d4 d5 2. c4 c6 3. Nf3 dxc4 4. e3 Be6 5. Nc3 b5 6. a4 b4 7. Ne2 Nf6 8. Ng3
Qa5 9. Qc2 c3 10. bxc3 bxc3 11. Ne5 Nbd7 12. Nc4 Bxc4 13. Bxc4 e6 14. O-O Bb4
15. e4 e5 16. Nf5 O-O 17. Ba2 exd4 18. Nxd4 Rac8 19. Bf4 Ne5 20. h3 Ng6 21. Bh2
Rfd8 22. Rad1 Qc5 23. Nf3 Nh5 24. Qb3 Qe7 25. Nd4 a5 26. Nf5 Qf8 27. e5 Nhf4
28. Nd6 Bxd6 29. exd6 Rb8 30. Qc4 Rb2 31. Rfe1 c2 32. Rd2 c1=Q 33. Qxc1 Rxd2
34. Qxd2 Rxd6 35. Qxa5 h6 36. Qc7 Rf6 37. Bb1 Qb4 38. Rd1 Ne6 39. Qxc6 Qb2 40.
Qc8+ Kh7 41. Qc2 Qb7 42. Qe4 Qa7 43. Qc2 Nef4 44. Bg3 Qa8 45. Qe4 Qxe4 46. Bxe4
Ne2+ 47. Kh2 Nc3 48. Rd4 Nxe4 49. Rxe4 Rd6 50. f3 Nf8 51. Be1 Ne6 52. Rc4 g5
53. a5 Kg6 54. Bc3 h5 55. h4 f6 56. Kg3 Nf4 57. Bd2 Ne6 58. hxg5 fxg5 59. Kf2
Kf5 60. Bc3 h4 61. Re4 Rc6 62. Re5+ Kf4 63. Re3 Kf5 64. g3 hxg3+ 65. Kxg3 Kg6
66. Bd2 Kf5 67. Ra3 Nc7 68. Be3 Na6 69. Rb3 Re6 70. Rb5+ Re5 71. Rxe5+ Kxe5 72.
Kg4 Kd5 73. Kxg5 Kc6 74. f4 Nc7 75. f5 Nd5 76. a6 Kc7 77. Bc5 Kb8 78. Kg6 Kc7
79. Kf7 Kc6 80. Bd4 Nc7 81. a7 Kb7 82. Be5 Nd5 83. Ke6 Nb4 84. Kd6 1-0

[Event "Minsk Inautomarket op"]
[Site "Minsk"]
[Date "2005.07.16"]
[Round "7"]
[White "Balashov, Yuri S"]
[Black "Soltanici, Ruslan"]
[Result "1-0"]
[WhiteElo "2469"]
[BlackElo "2324"]
[PlyCount "73"]
[EventDate "2005.07.06"]
[EventType "swiss"]
[EventRounds "9"]
[EventCountry "BLR"]
[SourceTitle "CBM 107 Extra"]
[Source "ChessBase"]
[SourceDate "2005.09.01"]
[SourceVersion "1"]
[SourceVersionDate "2005.09.01"]
[SourceQuality "1"]

1. d4 Nf6 2. c4 e6 3. Nc3 Bb4 4. e3 O-O 5. a3 Bxc3+ 6. bxc3 c5 7. Ne2 Nc6 8.
Ng3 d6 9. e4 e5 10. d5 Ne7 11. f3 Ne8 12. Bd3 Ng6 13. O-O Qf6 14. Ne2 h6 15. g3
Qe7 16. Qc2 Nf6 17. Bd2 Nh7 18. f4 exf4 19. gxf4 f5 20. Ng3 Nh4 21. Rae1 Nf6
22. exf5 Qf7 23. Qd1 Nh7 24. Re6 Bxe6 25. fxe6 Qe7 26. Qh5 Qf6 27. Kh1 g6 28.
Qxh6 Nf5 29. Nxf5 gxf5 30. Rg1+ Kh8 31. Rg6 Qe7 32. Qh5 Rg8 33. Bxf5 Rg7 34.
Rxg7 Qxg7 35. Bg6 Kg8 36. f5 Nf6 37. Qh4 1-0

[Event "Oberliga NRW 0506"]
[Site "Germany"]
[Date "2006.01.08"]
[Round "5.1"]
[White "Balashov, Yuri S"]
[Black "Roese, Oliver"]
[Result "1-0"]
[WhiteElo "2469"]
[BlackElo "2374"]
[PlyCount "99"]
[EventDate "2005.09.25"]
[EventType "team-tourn"]
[EventRounds "9"]
[EventCountry "GER"]
[SourceTitle "EXT 2007"]
[Source "ChessBase"]
[SourceDate "2006.11.23"]
[SourceVersion "1"]
[SourceVersionDate "2006.11.23"]
[SourceQuality "1"]
[WhiteTeam "Plettenberg"]
[BlackTeam "Koeln SF"]
[WhiteTeamCountry "GER"]
[BlackTeamCountry "GER"]

1. Nf3 Nf6 2. c4 e6 3. Nc3 b6 4. e4 Bb7 5. d3 d6 6. g3 Be7 7. Bg2 O-O 8. O-O c5
9. b3 Nbd7 10. Bb2 Ne5 11. d4 Nxf3+ 12. Bxf3 a6 13. a4 Qc7 14. Bg2 Rab8 15. d5
exd5 16. cxd5 Nd7 17. f4 Rfe8 18. Qd2 Bf8 19. Nd1 b5 20. Ne3 bxa4 21. Rxa4 Bc8
22. Ra3 Rb4 23. Bc3 Rbxe4 24. Bxe4 Rxe4 25. Qd3 Re8 26. Ra4 Qb6 27. Re4 Rxe4
28. Qxe4 Qxb3 29. Ba1 Nf6 30. Bxf6 gxf6 31. Rb1 Qc3 32. Nf5 Qa5 33. Nxd6 Bxd6
34. Qe8+ Kg7 35. Qxc8 Qd2 36. Qg4+ Kh6 37. Qf5 Qd4+ 38. Kg2 c4 39. Rb7 Kg7 40.
Qh5 Qe4+ 41. Kh3 Be7 42. Rc7 Qe1 43. Qf3 Bd6 44. Rxc4 a5 45. Rc6 Qe7 46. Qg4+
Kh6 47. Rc8 f5 48. Qxf5 a4 49. Rc6 Kg7 50. Qg4+ 1-0

[Event "Staufer op 18th"]
[Site "Schwaebisch Gmuend"]
[Date "2006.01.05"]
[Round "7"]
[White "Balashov, Yuri S"]
[Black "Lentrodt, Thomas"]
[Result "1-0"]
[WhiteElo "2459"]
[BlackElo "2312"]
[PlyCount "57"]
[EventDate "2006.01.02"]
[EventType "swiss"]
[EventRounds "9"]
[EventCountry "GER"]
[SourceTitle "EXT 2007"]
[Source "ChessBase"]
[SourceDate "2006.11.23"]
[SourceVersion "1"]
[SourceVersionDate "2006.11.23"]
[SourceQuality "1"]

1. d4 Nf6 2. c4 e6 3. Nc3 Bb4 4. Nf3 b6 5. Bg5 Bb7 6. e3 O-O 7. Bd3 Bxc3+ 8.
bxc3 d6 9. O-O Nbd7 10. Nd2 h6 11. Bh4 e5 12. Qc2 Re8 13. Rae1 g5 14. Bg3 Nh5
15. Be2 Nxg3 16. fxg3 Qe7 17. Bg4 Nf6 18. Bf5 exd4 19. cxd4 Be4 20. Nxe4 Nxe4
21. Rf3 d5 22. cxd5 Nd6 23. Bd3 a6 24. h3 Nb5 25. Ref1 Rf8 26. a4 Nd6 27. e4
Rad8 28. e5 Ne8 29. Bc4 1-0

[Event "Moscow op 02nd"]
[Site "Moscow"]
[Date "2006.02.03"]
[Round "6"]
[White "Kalinichev, Andrey"]
[Black "Balashov, Yuri S"]
[Result "0-1"]
[WhiteElo "2369"]
[BlackElo "2459"]
[PlyCount "32"]
[EventDate "2006.01.29"]
[EventType "swiss"]
[EventRounds "9"]
[EventCountry "RUS"]
[SourceTitle "CBM 110 Extra"]
[Source "ChessBase"]
[SourceDate "2006.03.10"]
[SourceVersion "2"]
[SourceVersionDate "2006.03.10"]
[SourceQuality "1"]

1. d4 e6 2. Nf3 c5 3. e4 cxd4 4. Nxd4 a6 5. Bd3 Nf6 6. O-O d6 7. Nc3 Be7 8. f4
b5 9. a4 b4 10. Nce2 Bb7 11. Ng3 h5 12. Qe2 Qb6 13. Be3 Ng4 14. Nxh5 Nxe3 15.
Nxg7+ Kd7 16. Qxe3 Bf6 0-1

[Event "Nezhmetdinov Memorial 28th"]
[Site "Kazan"]
[Date "2006.06.05"]
[Round "5"]
[White "Balashov, Yuri S"]
[Black "Fedoseev, Vladimir1"]
[Result "1-0"]
[WhiteElo "2462"]
[BlackElo "2300"]
[PlyCount "59"]
[EventDate "2006.06.01"]
[EventType "swiss"]
[EventRounds "9"]
[EventCountry "RUS"]
[SourceTitle "CBM 112 Extra"]
[Source "ChessBase"]
[SourceDate "2006.07.14"]
[SourceVersion "1"]
[SourceVersionDate "2006.07.14"]
[SourceQuality "1"]

1. c4 Nf6 2. d4 e6 3. Nc3 Bb4 4. e3 d5 5. a3 Bxc3+ 6. bxc3 c5 7. cxd5 exd5 8.
Bd3 O-O 9. Ne2 Bg4 10. f3 Bh5 11. Rb1 b6 12. Nf4 Bg6 13. Nxg6 hxg6 14. O-O c4
15. Bc2 Re8 16. Re1 Nbd7 17. e4 Nf8 18. e5 N6d7 19. f4 Ne6 20. Qf3 Ndf8 21. Ba4
Re7 22. Bc6 Rc8 23. Bxd5 Rd7 24. Be4 Nc7 25. a4 Nd5 26. Ba3 Ne6 27. Bd6 Ne7 28.
Bb7 Nf5 29. Bxc8 Qxc8 30. d5 1-0

[Event "Muhamedzjanov Memorial 3rd"]
[Site "Nabereznye Chelny"]
[Date "2006.06.13"]
[Round "4"]
[White "Khusnutdinov, Rustam"]
[Black "Balashov, Yuri S"]
[Result "0-1"]
[WhiteElo "2392"]
[BlackElo "2462"]
[PlyCount "76"]
[EventDate "2006.06.11"]
[EventType "tourn"]
[EventRounds "11"]
[EventCountry "RUS"]
[EventCategory "8"]
[SourceTitle "CBM 112 Extra"]
[Source "ChessBase"]
[SourceDate "2006.07.14"]
[SourceVersion "1"]
[SourceVersionDate "2006.07.14"]
[SourceQuality "1"]

1. c4 c5 2. Nc3 g6 3. g3 Bg7 4. Bg2 Nc6 5. h4 Nf6 6. Nh3 e5 7. Ng5 d6 8. e3 h6
9. Nge4 Nxe4 10. Bxe4 f5 11. Bg2 Be6 12. d3 O-O 13. O-O Rb8 14. Rb1 a6 15. Re1
Qd7 16. a4 Nb4 17. Nd5 Bxd5 18. cxd5 b5 19. e4 bxa4 20. Ra1 f4 21. Rf1 g5 22.
hxg5 hxg5 23. Bf3 Rf6 24. Bg4 Qb5 25. Be6+ Kf8 26. Qxa4 Qxa4 27. Rxa4 Rb6 28.
Rd1 Ke7 29. Kg2 Rf8 30. Kf3 Nc2 31. Kg4 Nd4 32. Bf5 Rh8 33. Kxg5 Nf3+ 34. Kg4
Nh2+ 35. Kg5 Bf6+ 36. Kg6 Rbb8 37. Be6 Rbg8+ 38. Bxg8 Rxg8+ 0-1

[Event "Muhamedzjanov Memorial 3rd"]
[Site "Nabereznye Chelny"]
[Date "2006.06.14"]
[Round "5"]
[White "Balashov, Yuri S"]
[Black "Zubarev, Alexander2"]
[Result "1-0"]
[WhiteElo "2462"]
[BlackElo "2515"]
[PlyCount "81"]
[EventDate "2006.06.11"]
[EventType "tourn"]
[EventRounds "11"]
[EventCountry "RUS"]
[EventCategory "8"]
[SourceTitle "CBM 112 Extra"]
[Source "ChessBase"]
[SourceDate "2006.07.14"]
[SourceVersion "1"]
[SourceVersionDate "2006.07.14"]
[SourceQuality "1"]

1. d4 Nf6 2. Nf3 c5 3. d5 b5 4. a4 Bb7 5. c4 b4 6. Nbd2 g6 7. e4 d6 8. g3 Bg7
9. Bg2 O-O 10. O-O Re8 11. e5 Nfd7 12. e6 fxe6 13. dxe6 Nf6 14. Nb3 Nc6 15. a5
Qc8 16. Re1 a6 17. Qe2 Rf8 18. Ng5 Nd8 19. Bxb7 Qxb7 20. f4 Ne8 21. h4 Rf6 22.
h5 h6 23. Ne4 Rxe6 24. hxg6 Nf6 25. Nbd2 Nxe4 26. Nxe4 Nc6 27. f5 Re5 28. g4 d5
29. cxd5 Nd4 30. Qg2 h5 31. Bf4 hxg4 32. Bxe5 Bxe5 33. Qxg4 Qxd5 34. Qh5 Bg7
35. Ng5 Qd6 36. Re3 Qf4 37. Rae1 Rd8 38. Rxe7 Qxg5+ 39. Qxg5 Nf3+ 40. Kg2 Nxg5
41. Re8+ 1-0

[Event "Tula Suetin Memorial"]
[Site "Tula"]
[Date "2006.11.23"]
[Round "3"]
[White "Balashov, Yuri S"]
[Black "Domogaev, Sergey"]
[Result "1-0"]
[WhiteElo "2412"]
[BlackElo "2401"]
[PlyCount "63"]
[EventDate "2006.11.21"]
[EventType "tourn"]
[EventRounds "13"]
[EventCountry "RUS"]
[EventCategory "8"]
[SourceTitle "EXT 2010"]
[Source "ChessBase"]
[SourceDate "2010.11.25"]
[SourceVersion "1"]
[SourceVersionDate "2010.11.25"]
[SourceQuality "1"]

1. c4 Nf6 2. Nc3 e5 3. g3 Nc6 4. Bg2 g6 5. d3 Bg7 6. e4 d6 7. Nge2 Nd4 8. Nxd4
exd4 9. Ne2 c5 10. b4 O-O 11. bxc5 dxc5 12. O-O Bd7 13. a4 a5 14. h3 Qc8 15.
Kh2 Bc6 16. f4 Nd7 17. g4 f5 18. gxf5 gxf5 19. Ng3 fxe4 20. dxe4 Kh8 21. Ra2
Nb6 22. Qb3 Ra6 23. e5 Bxg2 24. Rxg2 Qe6 25. Nh5 Bh6 26. Rfg1 Qxc4 27. Qg3 Raa8
28. f5 Rg8 29. Qxg8+ Rxg8 30. Rxg8+ Qxg8 31. Rxg8+ Kxg8 32. Bxh6 1-0

[Event "Tula Suetin Memorial"]
[Site "Tula"]
[Date "2006.11.27"]
[Round "10"]
[White "Kurilin, Alexander"]
[Black "Balashov, Yuri S"]
[Result "0-1"]
[WhiteElo "2314"]
[BlackElo "2412"]
[PlyCount "76"]
[EventDate "2006.11.21"]
[EventType "tourn"]
[EventRounds "13"]
[EventCountry "RUS"]
[EventCategory "8"]
[SourceTitle "EXT 2010"]
[Source "ChessBase"]
[SourceDate "2010.11.25"]
[SourceVersion "1"]
[SourceVersionDate "2010.11.25"]
[SourceQuality "1"]

1. e4 c5 2. d4 cxd4 3. Qxd4 Nc6 4. Qa4 g6 5. Bb5 Bg7 6. c3 Nf6 7. Bg5 O-O 8.
Nf3 h6 9. Bh4 Qb6 10. Bxf6 Bxf6 11. O-O a6 12. Bxc6 bxc6 13. Qb3 Qc7 14. Nbd2
Rb8 15. Qc2 d5 16. Nb3 Bg7 17. Nc5 dxe4 18. Nxe4 c5 19. b3 f5 20. Ned2 e5 21.
Nc4 Bb7 22. Rad1 Rbd8 23. Rd2 e4 24. Rxd8 Rxd8 25. Ne1 Qe7 26. Ne3 f4 27. Nd1
Qd6 28. Nb2 Qd2 29. Na4 Bc6 30. a3 Qxc2 31. Nxc2 Rd2 32. Rc1 Bxa4 33. bxa4 Bxc3
34. Ne1 Re2 35. Kf1 Rxe1+ 36. Rxe1 Bxe1 37. Kxe1 Kf7 38. Kd2 Ke6 0-1

[Event "Vitebsk op"]
[Site "Vitebsk"]
[Date "2006.12.13"]
[Round "6"]
[White "Pospelov, Evgeny"]
[Black "Balashov, Yuri S"]
[Result "0-1"]
[WhiteElo "2348"]
[BlackElo "2412"]
[PlyCount "56"]
[EventDate "2006.12.09"]
[EventType "swiss"]
[EventRounds "9"]
[EventCountry "RUS"]
[SourceTitle "EXT 2008"]
[Source "ChessBase"]
[SourceDate "2007.11.25"]
[SourceVersion "1"]
[SourceVersionDate "2007.11.25"]
[SourceQuality "1"]

1. Nf3 Nf6 2. c4 g6 3. Nc3 Bg7 4. e4 d6 5. d4 O-O 6. Be2 Nbd7 7. Bg5 h6 8. Bh4
g5 9. Bg3 Nh5 10. O-O e6 11. d5 exd5 12. cxd5 Re8 13. Bb5 a6 14. Ba4 b5 15. Bc2
Nxg3 16. fxg3 b4 17. Ne2 Nc5 18. Nfd4 Bg4 19. Nf5 Bxf5 20. Rxf5 Nxe4 21. Nd4
Qb8 22. Bxe4 Qb6 23. Bd3 Qxd4+ 24. Kh1 Qxb2 25. Rb1 Qxa2 26. h4 Re3 27. hxg5
Rxg3 28. Be4 Re8 0-1

[Event "Keres Memorial-B"]
[Site "Tallinn"]
[Date "2007.01.10"]
[Round "7"]
[White "Balashov, Yuri S"]
[Black "Miezis, Normunds"]
[Result "1-0"]
[WhiteElo "2422"]
[BlackElo "2517"]
[PlyCount "121"]
[EventDate "2007.01.06"]
[EventType "tourn"]
[EventRounds "9"]
[EventCountry "EST"]
[EventCategory "6"]
[SourceTitle "CBM 116 Extra"]
[Source "ChessBase"]
[SourceDate "2007.03.07"]
[SourceVersion "1"]
[SourceVersionDate "2007.03.07"]
[SourceQuality "1"]

1. d4 Nf6 2. Nf3 e6 3. e3 c5 4. Bd3 Nc6 5. O-O d5 6. b3 Be7 7. Bb2 O-O 8. Nbd2
cxd4 9. exd4 Nb4 10. Be2 Nc6 11. a3 Ne4 12. b4 Bd7 13. Bd3 Nd6 14. Qe2 Rc8 15.
Ne5 Be8 16. f4 Qb6 17. c3 Nd8 18. c4 dxc4 19. Ndxc4 Nxc4 20. Nxc4 Qa6 21. Ne3
Qb6 22. d5 f5 23. Kh1 Bh5 24. Qd2 Bf7 25. Rae1 Bh4 26. g3 Be7 27. Be5 Bg6 28.
Bc4 Nf7 29. Bd4 Qd8 30. Bb3 Bf6 31. Bxf6 gxf6 32. Qb2 e5 33. fxe5 Nxe5 34. Qd4
Qb6 35. Qd2 Kh8 36. Nxf5 Rcd8 37. Qh6 Qc7 38. Nd4 Qc3 39. Ne6 Rg8 40. Re3 Qd2
41. Nf4 Qb2 42. Bd1 Qd4 43. Rfe1 Rd6 44. Bb3 Rdd8 45. Qh4 Qb6 46. Ne6 Rdf8 47.
Nxf8 Rxf8 48. Qh6 Rg8 49. Qf4 Nd3 50. Rxd3 Bxd3 51. Re6 Qd8 52. Qd4 Bg6 53.
Rxf6 Rg7 54. d6 Qe8 55. Be6 Qd8 56. d7 a5 57. bxa5 Be4+ 58. Kg1 Bg6 59. Qf4
Rxd7 60. Rf8+ Kg7 61. Rxd8 1-0

[Event "Vladimir op-A"]
[Site "Vladimir"]
[Date "2008.08.21"]
[Round "9"]
[White "Balashov, Yuri S"]
[Black "Potapov, Alexey"]
[Result "1-0"]
[WhiteElo "2407"]
[BlackElo "2329"]
[PlyCount "75"]
[EventDate "2008.08.12"]
[EventType "swiss"]
[EventRounds "10"]
[EventCountry "RUS"]
[SourceTitle "CBM 126 Extra"]
[Source "ChessBase"]
[SourceDate "2008.11.05"]
[SourceVersion "1"]
[SourceVersionDate "2008.11.05"]
[SourceQuality "1"]

1. d4 Nf6 2. c4 g6 3. Nc3 Bg7 4. e4 d6 5. f3 O-O 6. Nge2 Nc6 7. Be3 e5 8. d5
Ne7 9. g4 Ne8 10. h4 f5 11. g5 f4 12. Bf2 c5 13. Kd2 h5 14. a3 Bd7 15. b4 b6
16. Qb3 Nc7 17. Rb1 Nc8 18. Nc1 Qe7 19. Nd3 a6 20. bxc5 bxc5 21. Bh3 Bxh3 22.
Rxh3 Re8 23. Rhh1 Bf8 24. Qa4 Ra7 25. Rb8 Rd8 26. Rhb1 Ne8 27. Qc6 Qc7 28. Qxc7
Nxc7 29. Ke2 Na8 30. Na4 Re8 31. Be1 Kf7 32. Ba5 Kg8 33. R1b7 Rxb7 34. Rxb7 Ne7
35. Ra7 Rb8 36. Rxa6 Nc8 37. Ne1 Be7 38. Nc2 1-0

[Event "Izhevsk op-A"]
[Site "Izhevsk"]
[Date "2010.07.21"]
[Round "7"]
[White "Balashov, Yuri S"]
[Black "Glidzhain, Gor Mikhailovich"]
[Result "1-0"]
[WhiteElo "2400"]
[BlackElo "2369"]
[PlyCount "65"]
[EventDate "2010.07.15"]
[EventType "swiss"]
[EventRounds "9"]
[EventCountry "RUS"]
[SourceTitle "CBM 137 Extra"]
[Source "ChessBase"]
[SourceDate "2010.09.01"]
[SourceVersion "1"]
[SourceVersionDate "2010.09.01"]
[SourceQuality "1"]

1. d4 Nf6 2. Nf3 g6 3. Bg5 Ne4 4. Bf4 Bg7 5. Nbd2 d5 6. e3 Nxd2 7. Qxd2 Nd7 8.
c4 dxc4 9. Bxc4 O-O 10. Rc1 c6 11. O-O Nf6 12. h3 Bf5 13. Rfd1 Be4 14. Ne5 Bd5
15. Qb4 Bxc4 16. Nxc4 b5 17. Ne5 Nd5 18. Qc5 Bxe5 19. Bxe5 Rc8 20. Qxa7 Ra8 21.
Qb7 Rxa2 22. Rxc6 Rxb2 23. Rdc1 e6 24. Rxe6 Qa8 25. Qxa8 Rxa8 26. Rec6 f6 27.
Bxf6 Raa2 28. Bh4 Nxe3 29. Rc8+ Kg7 30. R8c7+ Kh6 31. g4 Nxg4 32. hxg4 Rd2 33.
R1c5 1-0

[Event "Izhevsk op-A"]
[Site "Izhevsk"]
[Date "2010.07.23"]
[Round "9"]
[White "Balashov, Yuri S"]
[Black "Goriatchkin, Jouri"]
[Result "1-0"]
[WhiteElo "2400"]
[BlackElo "2344"]
[PlyCount "83"]
[EventDate "2010.07.15"]
[EventType "swiss"]
[EventRounds "9"]
[EventCountry "RUS"]
[SourceTitle "CBM 137 Extra"]
[Source "ChessBase"]
[SourceDate "2010.09.01"]
[SourceVersion "1"]
[SourceVersionDate "2010.09.01"]
[SourceQuality "1"]

1. e4 d5 2. exd5 Qxd5 3. Nf3 Nf6 4. Be2 e5 5. Nc3 Qa5 6. d4 e4 7. Ne5 Be6 8.
O-O c6 9. Bc4 Bxc4 10. Nxc4 Qa6 11. Nd2 Be7 12. Ndxe4 O-O 13. Nxf6+ Bxf6 14.
Ne4 Nd7 15. c3 Rfe8 16. Re1 Qc4 17. Bf4 Qd5 18. Qd3 b5 19. a4 a6 20. h3 c5 21.
axb5 c4 22. Qf3 axb5 23. Nd6 Rxe1+ 24. Rxe1 Qxf3 25. gxf3 g5 26. Bg3 b4 27.
cxb4 Nb6 28. Be5 Be7 29. Rc1 f6 30. Bg3 Rd8 31. Nxc4 Rc8 32. b3 Bxb4 33. f4 Kf7
34. fxg5 fxg5 35. Kg2 Ke6 36. Kf3 Nd5 37. Ra1 h5 38. Ke4 Nf6+ 39. Kd3 h4 40.
Ra6+ Kf5 41. Be5 Nd5 42. Ne3+ 1-0

[Event "Moscow-ch sf"]
[Site "Moscow"]
[Date "2011.03.19"]
[Round "4"]
[White "Balashov, Yuri S"]
[Black "Morozov, Grigory"]
[Result "1-0"]
[WhiteElo "2414"]
[BlackElo "2335"]
[PlyCount "87"]
[EventDate "2011.03.13"]
[EventType "swiss"]
[EventRounds "9"]
[EventCountry "RUS"]
[SourceTitle "CBM 141 Extra"]
[Source "ChessBase"]
[SourceDate "2011.05.03"]
[SourceVersion "1"]
[SourceVersionDate "2011.05.03"]
[SourceQuality "1"]

1. f4 Nf6 2. Nf3 c5 3. b3 d5 4. e3 Nc6 5. Bb2 g6 6. Bb5 Bg7 7. O-O O-O 8. Bxc6
bxc6 9. Qe2 Qb6 10. Ne5 c4 11. Nc3 cxb3 12. axb3 a5 13. Na4 Qb5 14. d3 Re8 15.
Bd4 Qb7 16. Qd2 Nd7 17. Nxd7 Bxd4 18. exd4 Bxd7 19. Nc5 Qc7 20. Ra4 Ra7 21.
Rfa1 Rea8 22. Qe3 Bc8 23. Qe5 Qb6 24. h3 f6 25. Qe2 Qc7 26. Rf1 Rb8 27. Raa1
Qd6 28. Rf3 Kf7 29. Re1 Rb4 30. c3 Rb8 31. Re3 Kf8 32. Qf3 Rb6 33. g4 Rb8 34.
h4 Kf7 35. R3e2 Rb5 36. h5 gxh5 37. gxh5 Bf5 38. Qg3 Qd8 39. Rg2 Qf8 40. h6 Ke8
41. Qh4 Rxc5 42. dxc5 Bxd3 43. Qh3 Be4 44. Qc8+ 1-0